Equipos más ladrones del mundo del futbol - Estadísticas

Estadísticas generales
  • Esta prueba ha sido intentada 206 veces
  • La puntuación promedio es 3 de 19
Answers on the Grid
Answers color-coded by a green-red scale on the quiz's grid according to % correct below.
Bayern de Munich
FCBarcelona
Atlético de Madrid
RCDEspanyol
PSG
Man city
Man united
Real Madrid
Borussia Dortmund
Getafe
Leganes
Athletic Club
Juventus
Milan
Inter Milan
Atalanta
Roma
Lazio
Liverpool
Chelsea
Leicester
Arsenal
Villarreal
Sevilla
O. Lyon
Marsella
Bayern leverkusen
Brujas
Valencia
Osasuna
Sabadell
Mónaco
Girona
Córdoba
Benfica
Porto
Malaga
Napoli
Tottenham
E. Frankfurt
Gimnàstic Tarragona
 
Estadísticas de respuestas
Respuesta % Correcto
Real Madrid
90%
PSG
30%
Atlético de Madrid
28%
Man city
21%
RCDEspanyol
19%
Man united
17%
Athletic Club
11%
Getafe
10%
Inter Milan
9%
Chelsea
6%
Gimnàstic Tarragona
6%
Liverpool
6%
Sevilla
6%
Atalanta
4%
Marsella
4%
Sabadell
4%
Córdoba
3%
Lazio
3%
Osasuna
3%
No se encontraron pruebas coincidentes
Distribución de puntuación
Porcentaje de gente con cada puntuación
Porcentaje por número respondido
Historial de tus puntuaciones
No has intentado esta prueba.